000 00274nam a22001217a 4500
041 _aENG
100 _aKramer.P.J
245 _aPlant & Soil Water Relationships A Modern Synthesis
260 _aNew York
_bMcGraw-Hill
_c1969
300 _a481
650 _a48
856 _u48
999 _c3115
_d3115